| 000 | 01722cam a2200445 a 4500 | ||
|---|---|---|---|
| 001 | 1164269 | ||
| 003 | OSt | ||
| 005 | 20140410100447.0 | ||
| 008 | 960904s1997 nyua c 000 0beng | ||
| 010 | _a 96041185 | ||
| 020 | _a0590907239 | ||
| 040 |
_aDLC _cDLC _dDLC |
||
| 042 | _alcac | ||
| 043 | _ae-ne--- | ||
| 050 | 0 | 0 |
_aDS 135.N6 _b.G618 1997 |
| 100 | 1 |
_aGold, Alison Leslie. _927135 |
|
| 245 | 1 | 0 |
_aMemories of Anne Frank : _breflections of a childhood friend / _cAlison Leslie Gold. |
| 250 | _a1st ed. | ||
| 260 |
_aNew York : _bScholastic, _c1997. |
||
| 300 |
_axiii, 135 p. : _bill. ; _c22 cm. |
||
| 520 | _aRecounts the story of Hannah Goslar, a close friend of Anne Frank and one of the last to see her alive. | ||
| 521 | _aG6 | ||
| 526 | _c890 | ||
| 562 | _e2 | ||
| 600 | 2 | 0 |
_aPick-Goslar, Hannah _xJuvenile literature. _927136 |
| 600 | 1 | 0 |
_aFrank, Anne, _d1929-1945 _xJuvenile literature. _927137 |
| 600 | 2 | 1 |
_aPick-Goslar, Hannah. _927138 |
| 600 | 1 | 1 |
_aFrank, Anne, _d1929-1945. _927139 |
| 650 | 0 |
_aJews _zNetherlands _zAmsterdam _xBiography _xJuvenile literature. _927140 |
|
| 650 | 0 |
_aHolocaust, Jewish (1939-1945) _zNetherlands _zAmsterdam _xJuvenile literature. _927141 |
|
| 650 | 1 |
_aJews _zNetherlands _xBiography. _927142 |
|
| 650 | 1 |
_aWomen _xBiography. _927143 |
|
| 650 | 1 |
_aHolocaust, Jewish (1939-1945) _zNetherlands _zAmsterdam. _927144 |
|
| 651 | 0 |
_aAmsterdam (Netherlands) _xBiography _xJuvenile literature. _927145 |
|
| 906 |
_a7 _bcbc _corignew _d1 _eocip _f19 _gy-gencatlg |
||
| 942 |
_2lcc _cBK |
||
| 999 |
_c34367 _d34367 |
||